000 00662 a2200205 4500
001 54248
005 20260407155813.0
008 260407a1972 arg spa d
003 AR-UNSa-BCEJYS
040 _aAR-UNSa-BCEJYS
_bspa
_cAR-UNSa-BCEJYS
080 _a330.341.44
_xConcentración. Centralización (Industrialización)
245 1 0 _aConcentración industrial en la Argentina 1956-1966
_p1956-1966
264 1 _aBuenos Aires :
_bEl Coloquio
_c1972
300 _a28 p.
_c18 cm.
505 _a1. Crecimiento económico y concentración industrial
041 _aspa
942 _cBK
590 _aniveau_biblio:m niveau_hierar:0
100 1 _aSkupch, Pedro R.
999 _c5419
_d5419